00507pam a2200157 a 4500020000500000041000500005082001600010100001500026245006700041250001000108260002900118300001700147930000900164999001900173952015700192 c h a709.54bPUN aPundoles . aPundoles The fine and Decorative Arts salehTextual Documents a2013. aMumbai:b Piyush Pandy . a334:bpaper. a8736 c242526d242526 001040708Text BooksaFAPbFAPd2019-03-15eBhararti Sahakari Grahak Bhandarg1650.00l0o709.54 PUNpFAP-9878r2023-03-07 00:00:00t1w2023-03-07yBK